<?xml version="1.0" encoding="UTF-8"?>
<record
    xmlns:xsi="http://www.w3.org/2001/XMLSchema-instance"
    xsi:schemaLocation="http://www.loc.gov/MARC21/slim http://www.loc.gov/standards/marcxml/schema/MARC21slim.xsd"
    xmlns="http://www.loc.gov/MARC21/slim">

  <leader>03486nam a2200529Ia 4500</leader>
  <controlfield tag="001">2546</controlfield>
  <controlfield tag="008">241029s9999    xx            000 0 und d</controlfield>
  <datafield tag="010" ind1=" " ind2=" ">
    <subfield code="a">2392</subfield>
  </datafield>
  <datafield tag="041" ind1=" " ind2=" ">
    <subfield code="a">Espa&#xF1;ol</subfield>
  </datafield>
  <datafield tag="082" ind1=" " ind2=" ">
    <subfield code="a">MAPE 01-011,</subfield>
  </datafield>
  <datafield tag="245" ind1=" " ind2="0">
    <subfield code="a">Dise&#xF1;o de los instrumentos de la pol&#xED;tica de pasant&#xED;as en la Educaci&#xF3;n T&#xE9;cnico-Profesional.</subfield>
  </datafield>
  <datafield tag="260" ind1=" " ind2=" ">
    <subfield code="a">Santo Domingo</subfield>
  </datafield>
  <datafield tag="300" ind1=" " ind2=" ">
    <subfield code="a">84</subfield>
  </datafield>
  <datafield tag="520" ind1=" " ind2=" ">
    <subfield code="a">35</subfield>
  </datafield>
  <datafield tag="630" ind1=" " ind2=" ">
    <subfield code="a">Dise&#xF1;o</subfield>
  </datafield>
  <datafield tag="630" ind1=" " ind2=" ">
    <subfield code="a">Educaci&#xF3;n</subfield>
  </datafield>
  <datafield tag="650" ind1=" " ind2=" ">
    <subfield code="a">Formaci&#xF3;n T&#xE9;cnico Profesional</subfield>
  </datafield>
  <datafield tag="690" ind1=" " ind2=" ">
    <subfield code="a">Elaborado</subfield>
  </datafield>
  <datafield tag="700" ind1=" " ind2=" ">
    <subfield code="e">asesor</subfield>
    <subfield code="a">de los Santos, Saturnino</subfield>
  </datafield>
  <datafield tag="700" ind1=" " ind2=" ">
    <subfield code="e">autor</subfield>
    <subfield code="a">Castillo Corpor&#xE1;n, Felipe </subfield>
  </datafield>
  <datafield tag="901" ind1=" " ind2=" ">
    <subfield code="a">{"1":"Castillo Corpor&#xE1;n"}</subfield>
    <subfield code="b">{"1":"Felipe "}</subfield>
  </datafield>
  <datafield tag="902" ind1=" " ind2=" ">
    <subfield code="a">1</subfield>
  </datafield>
  <datafield tag="903" ind1=" " ind2=" ">
    <subfield code="a">{"1":"de los Santos"}</subfield>
    <subfield code="b">{"1":"Saturnino"}</subfield>
  </datafield>
  <datafield tag="904" ind1=" " ind2=" ">
    <subfield code="a">Mag&#xED;ster en</subfield>
  </datafield>
  <datafield tag="905" ind1=" " ind2=" ">
    <subfield code="a">Administraci&#xF3;n y Planificaci&#xF3;n de la Educaci&#xF3;n</subfield>
  </datafield>
  <datafield tag="906" ind1=" " ind2=" ">
    <subfield code="a">2</subfield>
  </datafield>
  <datafield tag="907" ind1=" " ind2=" ">
    <subfield code="a">NO APLICA</subfield>
  </datafield>
  <datafield tag="908" ind1=" " ind2=" ">
    <subfield code="a">NO APLICA</subfield>
  </datafield>
  <datafield tag="909" ind1=" " ind2=" ">
    <subfield code="a">Pontificia Universidad Cat&#xF3;lica Madre y Maestra (PUCMM), Recinto Santo Tom&#xE1;s de Aquino</subfield>
  </datafield>
  <datafield tag="910" ind1=" " ind2=" ">
    <subfield code="a">NULL</subfield>
    <subfield code="b">NULL</subfield>
  </datafield>
  <datafield tag="911" ind1=" " ind2=" ">
    <subfield code="a">["1"]</subfield>
  </datafield>
  <datafield tag="912" ind1=" " ind2=" ">
    <subfield code="a">NO APLICA</subfield>
  </datafield>
  <datafield tag="913" ind1=" " ind2=" ">
    <subfield code="a">NULL</subfield>
  </datafield>
  <datafield tag="914" ind1=" " ind2=" ">
    <subfield code="a">01 de Noviembre de 2001</subfield>
  </datafield>
  <datafield tag="915" ind1=" " ind2=" ">
    <subfield code="a">04/12/19 10:12</subfield>
  </datafield>
  <datafield tag="916" ind1=" " ind2=" ">
    <subfield code="a">NULL</subfield>
  </datafield>
  <datafield tag="917" ind1=" " ind2=" ">
    <subfield code="a">NULL</subfield>
  </datafield>
  <datafield tag="918" ind1=" " ind2=" ">
    <subfield code="a">NO APLICA</subfield>
  </datafield>
  <datafield tag="919" ind1=" " ind2=" ">
    <subfield code="a">["224","72"]</subfield>
  </datafield>
  <datafield tag="520" ind1=" " ind2=" ">
    <subfield code="a">Dise&#xF1;o de los instrumentos de la Pol&#xED;tica de Pasant&#xED;as en la Educaci&#xF3;n T&#xE9;cnico-Profesional. Contribuir al mejoramiento de la eficiencia interna y externa de la educaci&#xF3;n para el trabajo, a trav&#xE9;s de la participaci&#xF3;n activa de los diferentes actores del subsistema en los procesos inherentes a las pasant&#xED;as, a la formulaci&#xF3;n de perfiles, planes de estudio, formaci&#xF3;n docente, apoyo tecnol&#xF3;gico y financiero y de inserci&#xF3;n de los egresados en el mercado de trabajo.Objetivos Generales: Incrementar el capital humano del pa&#xED;s a trav&#xE9;s de la formaci&#xF3;n de la poblaci&#xF3;n joven y adulta de baja escolaridad y de su inserci&#xF3;n a la producci&#xF3;n, elevando sus condiciones de vida e integr&#xE1;ndolos en los procesos de transferencia de tecnolog&#xED;a y de mejoramiento continuo. Del Proyecto: dotar a la Secretaria de Educaci&#xF3;n. Y a las dem&#xE1;s, instituciones que integran el sub-sistema de la Educaci&#xF3;n para el trabajo, de una estructura t&#xE9;cnico-administrativa para la regulaci&#xF3;n, certificaci&#xF3;n y convalidaci&#xF3;n de la oferta de formaci&#xF3;n profesional no formal.Entre los objetivos espec&#xED;ficos est&#xE1;n: ofrecer a los j&#xF3;venes y adultos, programas de ense&#xF1;anza modular que les permita lograr un mayor desarrollo de sus potencialidades t&#xE9;cnico-vocacionales. Propiciar un desarrollo personal dirigido a la producci&#xF3;n en el tiempo y la calidad exigidos, atendiendo a la reducci&#xF3;n de los costos.Poblaci&#xF3;n beneficiaria: Cincuenta mil (50,000) personas j&#xF3;venes y adultas de ambos sexos (y sus dependientes actuales y potenciales) que no han recibido y/o completado la Educaci&#xF3;n B&#xE1;sica.Resultados esperados: entre los resultados esperados est&#xE1;n: la integraci&#xF3;n de cincuenta mil (50,000) personas j&#xF3;venes y adultas en el mercado de trabajo (formal e informal), con competencias en distintos oficios y ocupaciones. Creaci&#xF3;n de una estructura t&#xE9;cnico-administrativa que dise&#xF1;e y ponga en marcha un programa de Educaci&#xF3;n Continuada Basada en Competencias.Costo: once millones ciento catorce mil novecientos veintinueve con 80/100 (RD</subfield>
    <subfield code="1">1,114,929.80)Duraci&#xF3;n: 3 a&#xF1;os</subfield>
  </datafield>
  <datafield tag="921" ind1=" " ind2=" ">
    <subfield code="a">16</subfield>
  </datafield>
  <datafield tag="922" ind1=" " ind2=" ">
    <subfield code="a">16</subfield>
  </datafield>
  <datafield tag="923" ind1=" " ind2=" ">
    <subfield code="a">0</subfield>
  </datafield>
  <datafield tag="924" ind1=" " ind2=" ">
    <subfield code="a">NO APLICA</subfield>
  </datafield>
  <datafield tag="942" ind1=" " ind2=" ">
    <subfield code="c">Tesis</subfield>
  </datafield>
  <datafield tag="999" ind1=" " ind2=" ">
    <subfield code="c">2392</subfield>
    <subfield code="d">2392</subfield>
  </datafield>
</record>
